Music Quiz

Random Music or Bands Quiz

Three Word Band Names Quiz Stats

 Plays Quiz Updated Mar 6, 2012

Challenge
Share
Tweet
Embed
Score 0/34 Timer 05:00
0 Plays Today
Hit Song Band % Correct
I Gotta FeelingBlack Eyed Peas
74%
Kryptonite3 Doors Down
62.3%
Hey There DelilahPlain White T's
62.2%
Use SomebodyKings of Leon
59.8%
(Don't Fear) The ReaperBlue Öyster Cult
59.7%
Semi-Charmed LifeThird Eye Blind
56.7%
The JokerSteve Miller Band
56.5%
Bad Moon RisingCreedence Clearwater Revival
53.1%
Crash into MeDave Matthews Band
49.5%
The MiddleJimmy Eat World
47.8%
Thnks fr th MmrsFall Out Boy
46.1%
Come On EileenDexys Midnight Runners
42.1%
Welcome to the Black ParadeMy Chemical Romance
41.4%
Man in the BoxAlice in Chains
39.6%
The SignAce of Base
37.6%
Interstate Love SongStone Temple Pilots
35.7%
Everybody Wants to Rule the WorldTears for Fears
32.9%
Hit Song Band % Correct
Breakfast at Tiffany'sDeep Blue Something
31.1%
Mmm Mmm Mmm MmmCrash Test Dummies
29.8%
BrickBen Folds Five
26.3%
O.P.P.Naughty By Nature
25.7%
CloserNine Inch Nails
24.2%
BlurryPuddle Of Mudd
23.4%
West End GirlsPet Shop Boys
22.4%
Zoot Suit RiotCherry Poppin' Daddies
22.1%
EpicFaith No More
22.1%
Animal I Have BecomeThree Days Grace
21.7%
We're An American BandGrand Funk Railroad
17.5%
Sell OutReel Big Fish
14.3%
MoviesAlien Ant Farm
13.9%
CumbersomeSeven Mary Three
12.3%
Desperately WantingBetter Than Ezra
11.3%
Black & WhiteThree Dog Night
10.5%
ClumsyOur Lady Peace
9.3%

You're not logged in!

Compare scores with friends on all Sporcle quizzes.
Join for Free
OR
Log In

You Might Also Like...

Show Comments

Extras

Top Quizzes Today


Score Distribution

Your Account Isn't Verified!

In order to create a playlist on Sporcle, you need to verify the email address you used during registration. Go to your Sporcle Settings to finish the process.

Report this User

Report this user for behavior that violates our Community Guidelines.

Details: